000 00516nam a2200181Ia 4500
003 OSt
005 20200729111904.0
008 190216s9999||||xx |||||||||||||| ||und||
020 _a9798181282995
040 _coclc
082 _a515.9
_bREM/T
100 _aRemmert, Reinhold
_93837
245 0 _aTheory Of Complex Functions /
_cReinhold Remmert
260 _bSpringer Verlag,
_aNew York:
_c2005.
300 _a453p
650 _aMathematics
942 _cBK
_2ddc
_h515.9
_iREM/T
_k515.9
_mREM/T
999 _c31962
_d31962